Tỏi chữa bách bệnh : Nhứng điều cần biết cho sức khỏe- Tác dụng thần kỳ của tỏi
Củ tỏi, còn gọi là tỏi hồ lô, thuộc bách hợp (họ hành tỏi litiaceal). Một nhánh tỏi tuy nhỏ hình dáng của nó không đẹp, nhưng nó lại có một vị trí quan trọng trong cuộc sống thương ngày. Toàn bộ cây tỏi đều có giá trị, được dùng làm thực p...
Sparad:
| Huvudupphovsman: | |
|---|---|
| Övriga upphovsmän: | |
| Materialtyp: | Bok |
| Språk: | Vietnamese |
| Publicerad: |
H.
Hồng Đức
2016
|
| Serie: | Tủ sách gia đình
|
| Ämnen: | |
| Taggar: |
Lägg till en tagg
Inga taggar, Lägg till första taggen!
|
| Thư viện lưu trữ: | Thư viện Trường Đại học Nam Cần Thơ |
|---|
| LEADER | 01360nam a22002297a 4500 | ||
|---|---|---|---|
| 001 | NCT_32889 | ||
| 008 | 180424b xxu||||| |||| 00| 0 vie d | ||
| 999 | |c 1582 |d 1582 | ||
| 020 | |a 978604869099 |c 55000 | ||
| 082 | 0 | 4 | |2 23rd ed. |a 615.8 |b Đ552 |
| 100 | 1 | |a Minh Đức |e Biên soạn | |
| 245 | 1 | 0 | |a Tỏi chữa bách bệnh |b : Nhứng điều cần biết cho sức khỏe- Tác dụng thần kỳ của tỏi |c Minh Đức, Nguyễn Khắc Minh |
| 260 | |a H. |b Hồng Đức |c 2016 | ||
| 300 | |a 283tr. |c 19cm | ||
| 490 | |a Tủ sách gia đình | ||
| 520 | 3 | |a Củ tỏi, còn gọi là tỏi hồ lô, thuộc bách hợp (họ hành tỏi litiaceal). Một nhánh tỏi tuy nhỏ hình dáng của nó không đẹp, nhưng nó lại có một vị trí quan trọng trong cuộc sống thương ngày. Toàn bộ cây tỏi đều có giá trị, được dùng làm thực phẩm và dùng làm thuốc. | |
| 653 | |a Dược học | ||
| 653 | |a Công nghệ thực phẩm | ||
| 700 | 1 | |a Nguyễn Khắc Minh |e Hiệu đính | |
| 942 | |2 ddc |c BK | ||
| 952 | |0 0 |1 0 |2 ddc |4 0 |6 615_800000000000000_Đ552 |7 0 |9 7636 |a 000001 |b 000001 |d 2018-04-24 |o 615.8 Đ552 |p MD.10920 |r 2018-04-24 |v 55000.00 |w 2018-04-24 |y BK | ||
| 980 | |a Thư viện Trường Đại học Nam Cần Thơ | ||